| 000 | 00673nam a22002057a 4500 | ||
|---|---|---|---|
| 003 | OSt | ||
| 005 | 20251124165117.0 | ||
| 008 | 251124b |||||||| |||| 00| 0 eng d | ||
| 020 | _a0-03-022712-7 | ||
| 040 |
_aDWCL-Main lib _cOC |
||
| 082 | _aGR. 305.231 B525c 1992 | ||
| 100 | _aBerndt, Thomas J. | ||
| 245 |
_aChild Development _cBerndt, Thomas J. |
||
| 260 |
_aOrlando, Fl. : _bHarcourt Brace Jovanovich College Publishers, _cc1992. |
||
| 300 |
_axxiii, 776 pages : _billustration ; _c26 cm. |
||
| 504 | _aIncludes bibliographical references and index. | ||
| 650 | _21. Child development-United States. | ||
| 650 | _22. Child development. | ||
| 942 |
_2ddc _cGR _kGR. _n0 |
||
| 999 |
_c6153 _d6153 |
||